000 00889nam0a22002411 4500
001 v19\rc\1524591
005 20260407113215.0
035 _a(NLR Aleph) 004646174
090 _a3360129
_c3360129
100 _a20060620d1886 |||y0rusy50 ca
101 0 _arus
102 _aRU
105 _ay z |||||
200 1 _aПравила для оценки лесных материалов, назначаемых к отпуску
_e[Утв. г. управляющим М-вом гос. имуществ 14 июля 1860 г.]
210 _aСанкт-Петербург
_d1886
215 _a23 с.
_d21
710 0 1 _aРоссия
_bМинистерство государственных имуществ
_3RU\NLR\AUTH\889942724
_9380460
801 0 _aRU
_bNLR
_gpsbo
801 0 _aRU
_bRuMoRGB
_2psbo
801 1 _aRU
_bProSoft-M
_2rusmarc
852 _aNLR
_j34.84.8.1094
942 _cBOOK
980 _aNB